| 000 | 00388 a2200169 4500 | ||
|---|---|---|---|
| 001 | 189123 | ||
| 020 | _a85-16-05273-7 | ||
| 040 | _cMagnum | ||
| 100 | _aPeruzzo, Tito Maragaia | ||
| 240 | 1 | 0 |
_aQuímica na abordagem do cotidiano 2 _lpor |
| 245 | 1 | 0 | _aQuímica na abordagem do cotidiano 2 |
| 300 | _a640 | ||
| 362 | 0 | _a2006 | |
| 440 | 1 | _aModerna | |
| 697 | _aQUÍMICA | ||
| 942 | _cBK | ||
| 999 |
_c189123 _d189123 |
||